000 00535nam a22001697a 4500
003 UA-OsUOA
001 11961
007 ta
008 20050420b un ||||| |||| 00| 0 ukr d
942 _cSA
040 _aUA-OsUOA
_cUA-OsUOA
_dUA-OsUOA
245 _aВірші Мколи Реріха
300 _aС.46-47
955 _a0
773 0 _w0
_tВсесвітня література та культура в навчальних закладах України
_dКиїв
_d2005
_g№3
650 7 _aХудожня література
_2UDC
999 _c298122
_d298122